00383nam a2200145Ia 4500008004100000041000800041082001400049100002900063245007700092250000800169260002300177300000800200542001500208650001400223220531s9999 xx 000 0 und d aeng bDE- / BIS aBiswas, S. / Mallick, S. aDe-Coding The silence! reading John Stuart Mills The Subjection of Women a1ST aJaipurbAadic2015 a259 d31-05-2018 aSociology